[Event "Stay Safe Play From Home 175"]
[Site "T#646355Emanuel Laske"]
[Date "2020.05.26"]
[Round "1"]
[White "Rish_97"]
[Black "Tolka"]
[Result "1-0"]
[WhiteElo "1620"]
[BlackElo "2237"]
[Annotator "NA"]
[PlyCount "83"]
[EventDate "2020.05.26"]
[EventType "swiss (blitz)"]

1. e4 {[%emt 0:00:03]} d6 {[%emt 0:00:00]} 2. d4 {[%emt 0:00:01]} Nf6 {[%emt 0:00:01]} 3. Nc3 {[%emt 0:00:01]} e5 {[%emt 0:00:00]} 4. Nge2 {[%emt 0:00:01]} Nbd7 {[%emt 0:00:02]} 5. h3 {[%emt 0:00:02]} Be7 {[%emt 0:00:01]} 6. g4 {[%emt 0:00:01]} h6 {[%emt 0:00:03]} 7. Bg2 {[%emt 0:00:01]} c6 {[%emt 0:00:01]} 8. O-O {[%emt 0:00:01]} Qc7 {[%emt 0:00:03]} 9. Be3 {[%emt 0:00:01]} b5 {[%emt 0:00:01]} 10. a3 {[%emt 0:00:02]} a6 {[%emt 0:00:01]} 11. Ng3 {[%emt 0:00:01]} g6 {[%emt 0:00:03]} 12. f4 {[%emt 0:00:01]} exf4 {[%emt 0:00:03]} 13. Bxf4 {[%emt 0:00:00]} Nf8 {[%emt 0:00:01]} 14. e5 {[%emt 0:00:01]} Nd5 {[%emt 0:00:11]} 15. Bxd5 {[%emt 0:00:04]} cxd5 {[%emt 0:00:00]} 16. Nxd5 {[%emt 0:00:00]} Qc6 {[%emt 0:00:06]} 17. Nxe7 {[%emt 0:00:04]} Kxe7 {[%emt 0:00:00]} 18. exd6+ {[%emt 0:00:01]} Kd8 {[%emt 0:00:01]} 19. Be5 {[%emt 0:00:02]} Rh7 {[%emt 0:00:05]} 20. d5 {[%emt 0:00:02]} Qc5+ {[%emt 0:00:01]} 21. Qd4 {[%emt 0:00:01]} Qxd4+ {[%emt 0:00:01]} 22. Bxd4 {[%emt 0:00:00]} Bb7 {[%emt 0:00:00]} 23. Rae1 {[%emt 0:00:02]} Bxd5 {[%emt 0:00:01]} 24. Re7 {[%emt 0:00:00]} Ne6 {[%emt 0:00:01]} 25. Bb6+ {[%emt 0:00:02]} Kc8 {[%emt 0:00:01]} 26. d7+ {[%emt 0:00:00]} Kb7 {[%emt 0:00:03]} 27. d8=Q+ {[%emt 0:00:01]} Kc6 {[%emt 0:00:01]} 28. Qxa8+ {[%emt 0:00:02]} Kxb6 {[%emt 0:00:02]} 29. Qxd5 {[%emt 0:00:00]} Ka5 {[%emt 0:00:00]} 30. Qxe6 {[%emt 0:00:02]} fxe6 {[%emt 0:00:00]} 31. Rxh7 {[%emt 0:00:00]} b4 {[%emt 0:00:00]} 32. Rxh6 {[%emt 0:00:00]} bxa3 {[%emt 0:00:01]} 33. bxa3 {[%emt 0:00:00]} Ka4 {[%emt 0:00:01]} 34. Rxg6 {[%emt 0:00:00]} Kxa3 {[%emt 0:00:00]} 35. Rxe6 {[%emt 0:00:00]} Kb2 {[%emt 0:00:00]} 36. Rxa6 {[%emt 0:00:00]} Kxc2 {[%emt 0:00:00]} 37. Raf6 {[%emt 0:00:02]} Kd3 {[%emt 0:00:00]} 38. R6f4 {[%emt 0:00:02]} Ke3 {[%emt 0:00:00]} 39. R1f3+ {[%emt 0:00:01]} Kd2 {[%emt 0:00:00]} 40. Rf2+ {[%emt 0:00:01]} Ke1 {[%emt 0:00:00]} 41. Re2+ {[%emt 0:00:01]} Kd1 {[%emt 0:00:00]} 42. Rf1# {[%emt 0:00:00] (Lag: Av=0.73s, max=8.4s)} 1-0

[Event "Stay Safe Play From Home 175"]
[Site "T#646355Emanuel Laske"]
[Date "2020.05.26"]
[Round "2"]
[White "Eidgenosse"]
[Black "SoulofWolf"]
[Result "1-0"]
[WhiteElo "2437"]
[BlackElo "2213"]
[Annotator "TA"]
[PlyCount "167"]
[EventDate "2020.05.26"]
[EventType "swiss (blitz)"]

{[%evp 11,167,7,6,-8,18,12,2,0,34,38,37,48,70,66,68,64,62,62,77,46,48,50,72,58,60,47,61,52,223,58,106,58,53,25,24,0,50,45,46,44,73,66,268,45,45,54,49,50,71,56,58,47,72,53,75,80,70,35,231,241,266,243,268,257,291,286,287,287,280,280,486,339,380,0,463,100,138,122,132,93,89,84,77,40,40,35,66,32,32,32,35,35,35,0,0,-8,-8,-35,-8,-116,-54,-29965,-10909,-29958,-8,-29967,-534,-29968,-29966,-29971,-29973,-29971,-29973,-29981,-29982,-29987,-29988,-29988,-29989,-29989,-29990,-29991,-29988,-29988,0,-29993,0,-29993,-8,-29988,-29987,-29992,-8,-8,-8,-29986,-29987,-29987,0,0,0,0,0,0,0,0,0,0,0,0,0,0,0,0,29989,0,0,0]} 1. Nf3 c5 2. e3 e6 3. c4 Nf6 4. Nc3 d5 5. d4 Be7 6. a3 O-O 7. dxc5 {D37: Queen's Gambit Declined: 5 Bf4.} Bxc5 8. b4 Be7 9. Bb2 b6 10. cxd5 {[#]} Nxd5 $146 ({Predecessor:} 10... exd5 11. Bd3 Nc6 12. Rc1 Bb7 13. O-O Rc8 14. Qe2 Qd7 15. Rfd1 Rfd8 16. Bb1 Qg4 {1-0 (28) Kovaliova,V-Pryimachenko,V Kiev 2006}) 11. Nxd5 exd5 12. Be2 Bb7 13. O-O Nd7 14. Rc1 Bf6 15. Bxf6 Nxf6 16. Qd4 Qe7 17. Rfd1 Rfe8 18. Rc2 h6 19. Rdc1 Rad8 $2 ({Better is} 19... Rac8 $14) 20. Rc7 $2 (20. Bb5 $1 $18) 20... Rd7 21. Rxd7 Qxd7 22. Ne5 Qd6 23. Nf3 (23. f4 {keeps more tension.} Re7 24. Bd3 Rc7 25. Rc3 Qe7 26. a4) 23... Ne4 24. Bd3 Nf6 25. Qc3 Qe7 26. Qc7 g6 $2 (26... Ne4 $14) 27. Qxe7 $2 ({White must play} 27. Bb5 $18 Qxc7 28. Rxc7) 27... Rxe7 $14 28. Nd4 Kg7 29. Kf1 h5 30. h3 Ne8 31. Ke2 Nd6 32. f3 Rd7 33. Kd2 Re7 34. Nc6 Rc7 $2 ({Black should try} 34... Bxc6 $1 $14 35. Rxc6 Ne8) 35. Nxa7 $18 Re7 36. Nc6 Rc7 37. Nd4 Rd7 38. a4 Re7 39. a5 bxa5 40. bxa5 Bc8 $2 (40... Nc4+ 41. Bxc4 dxc4 42. Rxc4 Re5) 41. Nc6 Rc7 42. Nd4 $2 (42. Nb4 $18 Rxc1 43. Kxc1) 42... Ra7 $2 {[%mdl 8192]} (42... Re7 $1 $11 {and Black stays safe.} 43. Rc6 Rd7) 43. a6 $2 (43. Rc6 $18) 43... Bxa6 44. Ra1 Nc4+ 45. Bxc4 dxc4 $16 {[%mdl 4096] Endgame KRB-KRN} 46. Kc3 Ra8 47. e4 Kf6 48. Ra5 Bb7 49. Rxa8 (49. Rc5 {is more complex.} Bc8 50. h4 Be6 51. e5+ Ke7 52. Rc7+) 49... Bxa8 50. Kxc4 $14 {KB-KN} Kg5 51. Kd3 Kh4 $1 {[%cal Rh4g3] White should prevent ...Kg3.} 52. Ke3 Kg3 53. f4 Kxg2 54. h4 Kh3 (54... Kg3 $5 {[%cal Rg3h4]} 55. f5 Kxh4 $17) 55. e5 (55. Nf3 $11) 55... Kxh4 ({Black should play} 55... Kg4 $1 $17 {Threatens to win with ...Bd5.} 56. e6 fxe6 57. Nxe6 Bc6) 56. e6 $2 {[%mdl 8192]} (56. f5 $15 gxf5 57. Kf4) 56... fxe6 57. Nxe6 Bd5 $2 (57... Kg3 58. Nd4 Kg4 59. Kf2 h4 60. Kg1 Kxf4 61. Kh2 Bd5 62. Ne2+ Ke3 63. Nc3 Be4 64. Kh3 g5 65. Kg4 Bf5+ $1 {[%mdl 512]} 66. Kxg5 h3 67. Kxf5 h2 68. Ke5 h1=Q 69. Nd5+ Kf3 70. Kd4 Qh8+ 71. Kd3 Qh4 72. Nc3 Qf4 73. Kc2 Qc4 $1 {[%mdl 512]} 74. Kd2 Qa6 75. Nd1 Qe2+ 76. Kc1 Qd3 77. Nb2 Qc3+ 78. Kb1 Qb3 $1 {[%mdl 512]} 79. Ka1 Ke2 80. Nd3 Qa4+ 81. Kb1 Kxd3 82. Kb2 Qb4+ 83. Ka2 Kc2 84. Ka1 Qb2#) 58. Ng5 $2 {[%mdl 8192]} (58. Nf8 $11) 58... Bg8 (58... Kg3 $142 59. Kd4 Kxf4 60. Nh3+ Kg3 61. Ng5 h4 62. Kxd5 h3 63. Ke6 h2 64. Ke5 h1=Q 65. Ne6 Qe1+ 66. Kf6 {[#]} Qxe6+ $1 {[%mdl 512]} 67. Kxe6 g5 68. Kf5 g4 69. Ke4 Kf2 70. Kd3 Kf3 71. Kd2 g3 72. Kc3 Ke4 73. Kc4 g2 74. Kc5 g1=Q+ 75. Kc6 Qd4 76. Kc7 Kd5 77. Kb7 Kd6 78. Ka6 Kc6 79. Ka5 Qe4 80. Ka6 Qa4#) 59. Kf2 Kg4 60. Ke3 h4 61. Nf3 h3 62. Nh2+ Kg3 63. Nf1+ Kg2 64. Nd2 h2 65. Ne4 h1=Q 66. Ng5 Kg1 67. Nf3+ Kg2 $2 (67... Kf1 68. Nd2+ Kg2 69. Kd3 Qc1 70. Ke3 Qc3+ 71. Ke4 Kf2 72. Nf1 Bc4 73. f5 g5 74. f6 Qxf6 75. Nh2 Qf4#) 68. Nh4+ $2 {[%mdl 8192]} (68. Ng5 $11 Qc1+ 69. Kd4 Qxf4+ 70. Kc5 Qxg5+ 71. Kd6 Qd5+ 72. Kc7 Qc5+ 73. Kd7 g5 74. Kd8 Qa7 75. Ke8 Be6 76. Kf8 Qf7#) 68... Kg1 $2 (68... Qxh4 69. Kd4 Qxf4+ 70. Kc3 Kf3 71. Kb2 Ke3 72. Kc3 Qc4+ 73. Kb2 Kd2 74. Kb1 Qc1#) 69. f5 $2 {[%mdl 8192]} (69. Nf3+ $11 Kg2 70. Ne5) 69... Qg2 $2 (69... Qxh4 70. f6 Qb4 71. Kf3 Qc5 72. Ke2 Qc3 73. f7 Bxf7 74. Kd1 Be6 75. Ke2 Bg4#) 70. Nf3+ $2 {[%mdl 8192]} (70. Nxg2 $11 gxf5 71. Nh4) 70... Kh1 71. Nh2 Qf2+ $2 (71... Kxh2 72. Kf4 Qd5 73. Ke3 gxf5 74. Kf4 Qe6 75. Kg5 Kg3 76. Kh5 Bf7+ 77. Kg5 Qg6#) 72. Kxf2 $11 Kxh2 {KB-KP} 73. f6 $2 {[%mdl 8192]} (73. fxg6 $11 Kh3 74. g7) 73... g5 74. Kf3 Bf7 $2 (74... Kh3 75. Ke4 g4 76. Kd3 g3 77. f7 Bxf7 78. Kd4 g2 79. Kc3 g1=Q 80. Kb4 Qd4+ 81. Ka5 Qd6 82. Kb5 Bb3 83. Ka5 Qb8 84. Ka6 Bc4+ 85. Ka5 Qb5#) 75. Kg4 Bg6 76. Kxg5 Bf7 77. Kh6 Be6 78. Kg7 Bd5 79. Kh6 Bf7 80. Kg7 Be6 81. Kh8 Bd5 82. Kg7 Bf7 $2 {[%mdl 8192]} (82... Be6 $11) 83. Kh8 $2 (83. Kxf7 {mates} Kg3 84. Ke6 Kg4 85. f7 Kf3 86. Kd5 Kf4 87. f8=Q+ Ke3 88. Qf6) 83... Bd5 84. Kg7 {[%mdl 32768] Both players deserved the win here. Accuracy: White = 54%, Black = 59%. . Sensor Board Error (Ke4/e5)?} 1-0

[Event "Stay Safe Play From Home 175"]
[Site "T#646355Emanuel Laske"]
[Date "2020.05.26"]
[Round "2"]
[White "Toosieslide"]
[Black "Mepe_Nika"]
[Result "1-0"]
[WhiteElo "2271"]
[BlackElo "2310"]
[Annotator "TA"]
[PlyCount "111"]
[EventDate "2020.05.26"]
[EventType "swiss (blitz)"]

{[%evp 14,111,5,-4,-2,-55,0,23,118,75,153,147,146,97,131,124,171,117,154,156,128,105,176,180,795,757,745,702,699,656,736,727,29997,598,589,564,556,546,593,427,725,725,715,713,693,672,5908,5812,5393,5094,1815,1067,1011,1008,1285,1232,991,949,887,806,1424,1036,957,0,1406,1595,2192,1568,1568,1529,1502,1499,1470,1470,1462,1401,1218,702,1218,0,0,0,0,0,0,0,0,0,0,0,29971,29971,29990,29974,29974,29975,29975,29976,29975,5064]} 1. d4 d5 2. c4 c6 3. Nc3 Nf6 4. Nf3 e6 5. g3 dxc4 6. Bg2 Nbd7 7. a4 {[%cal Ba2a4,Ba4a5][%mdl 32]} Bb4 8. O-O O-O {E01: Catalan: Early deviations.} 9. Nd2 (9. Qc2 $11) 9... Nd5 (9... e5 $1 $15 10. Nxc4 exd4 11. Qxd4 Nc5) 10. Qc2 {[#]} N7b6 $146 (10... e5 $11 {remains equal.}) ({Predecessor:} 10... Bxc3 11. bxc3 b5 12. e4 Ne7 13. d5 Bb7 14. d6 Nc8 15. e5 Nxe5 16. axb5 Nxd6 {0-1 (38) Melentiev,P-Komlev,P Serpukhov 1999}) 11. e4 Nf6 ({Black should play} 11... Nxc3 12. bxc3 Ba5) 12. a5 $16 Nbd7 13. Qa4 c5 14. Nxc4 Nb8 15. d5 ({White should try} 15. Rd1 $18 {Strongly threatening dxc5.} Na6 16. dxc5) 15... Bd7 16. Qc2 exd5 17. Nxd5 Nc6 (17... Nxd5 $16 18. exd5 Bb5) 18. Bg5 $18 Nxa5 $2 (18... Nd4 19. Qd1 Bb5) 19. Nxa5 Bxa5 20. Bxf6 gxf6 {[#]} 21. Rxa5 $1 {[%mdl 576] Deflection} Qxa5 22. Nxf6+ Kh8 {[#]} 23. Nxd7 (23. e5 $142 $1 {[%mdl 512]} Bf5 24. Qxf5 h6 25. Qh7#) 23... Rfd8 24. Ne5 {[%cal Bd7e5,Be5d3,Bd3c5,Bc5e6][%mdl 32]} Qc7 {[#]} 25. Qc3 $1 {Intending Ng6+! and mate.} Rd4 26. Nd3 f6 (26... Qb6 $142 27. Nxc5 Qb4 28. Nxb7 Qxc3 29. bxc3 Rd3) 27. Nxc5 Rad8 28. Ne6 {[%mdl 64] Double Attack} Qe5 29. Nxd4 Rxd4 30. Qc8+ {[%mdl 64] Double Attack} Kg7 31. Qxb7+ Kg6 32. Qxa7 Rd2 33. f4 Qxb2 34. f5+ Kh6 35. Qe3+ Kg7 36. Qf3 h6 37. Qg4+ Kf8 38. Qf3 $2 (38. Qh3 $18) 38... Qb6+ $2 {[%mdl 8192]} (38... Kg7 $11 39. Kh1 Rd7) 39. Kh1 Qb2 40. e5 Qxe5 41. h3 Qe2 42. Qxe2 Rxe2 {[%mdl 4096] Endgame KRB-KR} 43. Bf3 Re5 44. Bg4 Kg7 45. Kh2 h5 46. Kg1 $2 (46. Bxh5 $18 Kh6 47. Bd1) 46... hxg4 $11 47. hxg4 {Kg2 is the strong threat. KR-KR} Kh6 48. Rf4 Kg5 49. Kg2 Re2+ 50. Kh3 (50. Kf3 {with more complications.} Ra2 51. Rd4 Ra3+ 52. Kf2 Ra2+ 53. Ke3) 50... Re3 51. Rc4 Re1 $2 {[%mdl 8192]} (51... Re7 $11) 52. Rc8 {White mates.} Re5 53. Rg8+ Kh6 54. Rg6+ Kh7 55. Rxf6 Re7 56. Rg6 {Accuracy: White = 71%, Black = 38%.} (56. g5 $142 Kg8 57. g6 Ra7 58. Kg4 Rb7 59. Kg5 Rb5 60. Rd6 Kf8 61. Rd8+ Ke7 62. Rh8) 1-0

[Event "Stay Safe Play From Home 175"]
[Site "T#646355Emanuel Laske"]
[Date "2020.05.26"]
[Round "2"]
[White "Tolka"]
[Black "NeatFox"]
[Result "1-0"]
[WhiteElo "2204"]
[BlackElo "1779"]
[Annotator "TA"]
[PlyCount "59"]
[EventDate "2020.05.26"]
[EventType "swiss (blitz)"]

{[%evp 9,59,55,131,61,65,27,59,66,70,73,106,113,212,144,306,121,120,110,109,100,935,934,1029,1016,29994,1570,1551,1185,2635,2542,29978,29979,29984,29964,12820,2010,29992,29983,29991,29991,29992,29989,29989,29990,29993,29992,29997,29998,29998,29996,29998,2016]} 1. e4 b6 2. Nf3 Bb7 3. Nc3 g6 4. d4 Bg7 5. Bc4 Nf6 {[#]} (5... e6 $14) 6. h4 $146 {B00: Queen's Fianchetto Defence, Nimzowitsch Defence.} (6. e5 $16 Ng8 7. h4) ({Predecessor:} 6. Ng5 e6 7. d5 h6 8. Nf3 Ng4 9. h3 Ne5 10. Bb3 Nxf3+ 11. Qxf3 O-O 12. Bd2 Na6 13. O-O-O {1-0 (33) Lomsadze,S-Kizilkaya,B (2043) Antalya 2017}) 6... Nxe4 $14 7. Nxe4 {Strongly threatening d5.} (7. Bxf7+ $5 Kxf7 8. Nxe4 $11) 7... Bxe4 8. Bxf7+ $1 {[%mdl 64] [#] Decoy. White is slightly better.} Kxf7 9. Ng5+ {[%mdl 64] Double Attack} Ke8 10. Nxe4 d6 (10... d5 $16 {was necessary.}) 11. h5 {Hoping for Ng5.} Nd7 $2 (11... Qd7 $16 {keeps fighting.}) 12. hxg6 $2 (12. Ng5 $18 {has better winning chances.}) 12... hxg6 $16 13. Rxh8+ Bxh8 14. Qg4 Kf7 $2 {[%mdl 8192]} (14... Nf6 $16 15. Nxf6+ (15. Qxg6+ Kd7 $16) 15... Bxf6) 15. Ng5+ $18 Kg7 16. Ne6+ {[%mdl 64] [#] Double Attack} Kf6 17. Nxd8 (17. Qf3+ $142 Kxe6 18. d5+ Ke5 19. b3 Kd4 20. Ba3 Qg8 21. O-O-O+ Ke5 22. Bb2#) 17... Rxd8 18. Bg5+ Kg7 19. O-O-O Nf6 20. Bxf6+ exf6 21. Rh1 Kf7 22. Rh6 Rg8 23. Rh7+ {White mates.} Bg7 24. Qd7+ {[%mdl 64] Double Attack} Kf8 25. Qd8+ Kf7 26. Qxc7+ Kf8 27. Qc8+ Ke7 28. Qxg8 {[%cal Rh7g7]} Kd7 29. Qxg7+ Kc6 30. Qb7+ {Accuracy: White = 33%, Black = 13%.} (30. c4 $142 g5 31. Qd7#) 1-0

[Event "Stay Safe Play From Home 175"]
[Site "T#646355Emanuel Laske"]
[Date "2020.05.26"]
[Round "2"]
[White "Lamborghini"]
[Black "Lazieri3"]
[Result "1-0"]
[WhiteElo "2202"]
[BlackElo "2108"]
[Annotator "TA"]
[PlyCount "129"]
[EventDate "2020.05.26"]
[EventType "swiss (blitz)"]

{[%evp 13,129,43,50,0,8,0,0,0,0,0,41,11,8,0,0,-22,0,-33,0,0,0,0,134,22,16,20,27,24,170,-12,-8,0,0,-15,0,1,104,101,91,44,106,35,318,326,311,298,453,445,602,214,209,157,168,165,154,158,138,128,125,85,105,99,90,97,90,73,69,24,24,25,25,20,21,27,27,7,7,7,8,8,8,8,62,60,70,50,65,65,29956,75,6232,127,29965,-29983,29965,29966,29966,29967,29977,29978,29978,29978,29979,29976,29981,29974,29980,29979,29983,29984,29984,29985,29986,29984,29987,29985,29991,306]} 1. e4 c6 2. d4 d5 3. Nc3 {[%cal Bb1c3,Bc3e4,Be4g5][%mdl 32]} dxe4 4. Nxe4 Nd7 5. Ng5 Ndf6 6. Bc4 e6 7. N1f3 Bd6 8. Qe2 {B17: Caro-Kann: Modern Line (4...Nd7).} h6 9. Ne4 Nxe4 10. Qxe4 {The position is equal.} Nf6 11. Qe2 {[#]} b6 $146 ({Predecessor:} 11... b5 12. Bd3 Bb7 13. Bd2 a6 14. O-O-O Qc7 15. Kb1 Nd5 16. Ne5 c5 17. c4 bxc4 18. Nxc4 cxd4 {½-½ (68) Braun,C (2408)-Eliet,N (2410) Belgium 2010}) 12. O-O Bb7 13. Rd1 O-O 14. a4 Rc8 15. a5 Bb8 16. axb6 axb6 17. Ne5 Nd7 (17... c5 $11) 18. Bf4 (18. Ra3 $16) 18... Nxe5 $11 19. dxe5 Qe7 20. Qg4 Kh8 (20... Rfd8 $11 {and Black has nothing to worry.}) 21. Rd6 $2 (21. Qh5 $1 $18 {aiming for Bxh6!} Rfd8 22. Bd3) 21... Bxd6 22. exd6 Qf6 23. Re1 c5 24. Be5 $40 {[%mdl 128] White has some attack.} Qg6 (24... Qg5 $11 {keeps the balance.} 25. Qxg5 hxg5) 25. Qxg6 $16 fxg6 26. f4 ({Of course not} 26. Bxe6 Rce8 $11) 26... Bd5 {[#]} ({Black should try} 26... Bc6 $14) 27. Bb5 ({Better is} 27. Bxd5 $1 $16 exd5 28. d7) 27... Rcd8 $2 {[%mdl 8192] [#]} (27... Bc6 $14 28. d7 Bxb5 29. dxc8=N Rxc8) 28. c4 $1 $18 Bb7 29. d7 Rf7 (29... Ba6 {is a better defense.}) 30. Rd1 Kg8 31. Rd6 $2 (31. Bc7 Rdxd7 32. Rxd7) 31... Kf8 32. Rxb6 Rfxd7 33. Bxd7 Rxd7 {[%mdl 4096] Endgame KRB-KRB} 34. Bd6+ {[%mdl 64] Double Attack} Kf7 35. Kf2 Be4 36. g3 Bd3 37. b3 Bc2 38. Bxc5 Rd3 39. Bd6 {b4 is the strong threat.} (39. Rb7+ {with more complications.} Kg8 40. b4 Bb3 41. b5 Bxc4 42. b6) 39... Rxb3 40. Rxb3 (40. c5 {is interesting.} Rxb6 41. cxb6 Be4 42. Ke3 Bd5 43. h4) 40... Bxb3 $16 {KB-KB} 41. c5 Bd5 42. Be5 Bc6 43. Ke3 g5 44. Kd4 gxf4 45. Bxf4 g5 46. Be5 Kg6 47. g4 h5 (47... Bd5 $11) 48. gxh5+ $14 Kxh5 49. Bf6 Kg4 50. Ke5 Kh5 $2 {[%mdl 8192]} (50... Bd7 $14) 51. Be7 $2 (51. Kd6 {mates} Bb7 52. c6 Bc8 53. Kc7 Ba6 54. Kd7 Kg6 55. Kxe6 Kh5 56. c7) 51... Bf3 $2 {[%mdl 8192]} (51... Bd5 $16) 52. Kd6 $2 (52. Kxe6 $18 Bg4+ 53. Kf6) 52... g4 $2 {[%mdl 8192]} (52... Bd5 $16 53. c6 Kg6) 53. Bh4 $4 {[%mdl 8192]} (53. Kxe6 g3 54. hxg3 Bg4+ 55. Kf7 Bd7 56. Bh4 Ba4 57. Ke6 Kg6 58. Kd6) 53... Bd5 $4 {[%mdl 8192]} (53... Kxh4 {avoids the disaster.} 54. Ke7 Kh3 55. Kd7 Kxh2 56. c6 g3 57. c7 Bb7 58. Kd6 g2 59. Kd7 g1=Q 60. c8=Q Bxc8+ 61. Ke7 Qc5+ 62. Kf7 Kg3 63. Kg7 Kf4 64. Kg8 Qe7 65. Kh8 e5 66. Kg8 Bf5 67. Kh8 Qh7#) 54. Bg3 {White mates.} Kg5 55. c6 Bxc6 56. Kxc6 {KB-KPP} Kf5 57. Kc5 Ke4 58. Kc4 Kf3 59. Kc3 Kg2 60. Kd2 Kh3 61. Ke2 e5 62. Ke3 e4 63. Kxe4 Kg2 64. Kf5 Kh3 65. Kg5 {Accuracy: White = 61%, Black = 51%.} 1-0

[Event "Stay Safe Play From Home 175"]
[Site "T#646355Emanuel Laske"]
[Date "2020.05.26"]
[Round "2"]
[White "Castlingarrocco"]
[Black "AChessPlayer"]
[Result "1/2-1/2"]
[WhiteElo "2033"]
[BlackElo "2442"]
[Annotator "TA"]
[PlyCount "88"]
[EventDate "2020.05.26"]
[EventType "swiss (blitz)"]

{[%evp 9,88,-39,-38,-45,-16,-27,-19,-34,-8,-23,-18,-22,-4,-6,-3,-19,1,3,43,49,44,39,36,39,34,37,53,52,318,318,291,293,285,225,302,291,696,47,48,40,1527,974,824,20,17,16,403,324,512,505,498,493,429,-92,-48,-40,-31,-72,0,0,0,0,0,0,0,0,0,0,0,0,1096,0,0,0,0,0,0,0,0,0,0]} 1. d3 d5 2. e3 c5 3. d4 Nc6 4. c3 e6 {[#]} 5. f4 $146 ({Predecessor:} 5. Nf3 Qb6 6. b3 g6 7. Na3 Bg7 8. Qc2 Nge7 9. Nb5 O-O 10. Nd6 Bd7 11. Ba3 cxd4 12. cxd4 {0-1 (28) Rivera,J (1448)-Acemyan,D (1863) ICCF email 2018}) 5... Nf6 6. Nf3 {A00: Irregular Openings.} Be7 7. Bd3 O-O 8. Qe2 b6 9. Nbd2 Bb7 10. Ne5 Nxe5 11. fxe5 Ne4 12. O-O Nxd2 13. Bxd2 c4 14. Bc2 f5 15. exf6 Rxf6 16. Rxf6 Bxf6 17. Rf1 {Black must now prevent Qh5.} Qe8 18. e4 Rc8 $2 {[%mdl 8192]} (18... dxe4 $14 19. Bxe4 Bd5) 19. e5 $18 Bd8 20. Qg4 Rc7 21. Bh6 $40 {[%mdl 128] White is out for blood.} Bc8 22. Rf3 $1 Rf7 $2 (22... Kh8) 23. Rg3 $2 (23. Rh3 $1 $18) 23... Qf8 $14 {[%csl Gf8][%cal Rf7f1]} 24. h3 {Qh5 is the strong threat.} Rf1+ $2 {[%mdl 8192]} (24... Kh8 $14 25. Be3 Rf1+ 26. Kh2 Qf7) 25. Kh2 $18 {And now Qh5 would win.} Rf7 26. Bg5 $2 (26. Qh5 $18 Kh8 27. Bg5) 26... Bxg5 $11 27. Qxg5 {Threatens to win with Qh4.} Qe7 $2 {[%mdl 8192] [#]} (27... Rf2 $11 {and Black is okay.} 28. Qc1 Rf1) 28. Qh5 $1 $18 {[%cal Rh5h7]} g6 {[#]} (28... g5 $142 29. Rxg5+ Kh8) 29. Bxg6 $1 {[%mdl 512]} hxg6 30. Rxg6+ Rg7 {[#]} 31. Qg4 $2 ({Only move:} 31. Rh6 $1 $18 {[%csl Gh5][%cal Rh6h8]} Rh7 32. Rxh7 {[%mdl 64] Overworked Piece} Qxh7 33. Qe8+ {[%mdl 64] Double Attack} Kg7 34. Qxc8) 31... Rxg6 (31... Bd7 {is more complex.} 32. Rxg7+ Qxg7 33. Qh4 Be8 34. g4 Qg6) 32. Qxg6+ Kf8 33. Qh6+ Ke8 (33... Qg7 $17 34. Qf4+ Qf7) 34. Qh8+ Kd7 35. Qh5 b5 {[%cal Bb6b5,Bb5b4][%mdl 32]} 36. g4 a5 37. g5 b4 38. g6 {Hoping for Qh7.} Qf8 $1 {[%cal Rf8f2] next ...Qf2+ is good for Black.} 39. Qh7+ Kc6 $2 {[%mdl 8192]} (39... Ke8 $11) 40. g7 $2 (40. Qf7 $18 Qh6 41. g7 Qd2+ 42. Kg3 Qxb2 43. Qf3) 40... Qf2+ $11 {The position is equal.} 41. Kh1 Qf1+ 42. Kh2 Qf2+ 43. Kh1 Qf1+ 44. Kh2 Qf2+ {Accuracy: White = 70%, Black = 49%.} 1/2-1/2

[Event "Stay Safe Play From Home 175"]
[Site "T#646355Emanuel Laske"]
[Date "2020.05.26"]
[Round "2"]
[White "Haxhi Baha"]
[Black "Rish_97"]
[Result "0-1"]
[WhiteElo "1975"]
[BlackElo "1620"]
[Annotator "NA"]
[PlyCount "66"]
[EventDate "2020.05.26"]
[EventType "swiss (blitz)"]

1. e4 {[%emt 0:00:01]} c5 {[%emt 0:00:01]} 2. Nf3 {[%emt 0:00:02]} d6 {[%emt 0:00:01]} 3. d4 {[%emt 0:00:00]} cxd4 {[%emt 0:00:00]} 4. Nxd4 {[%emt 0:00:00]} Nf6 {[%emt 0:00:00]} 5. Nc3 {[%emt 0:00:00]} Nc6 {[%emt 0:00:00]} 6. f4 {[%emt 0:00:02]} e5 {[%emt 0:00:06]} 7. Nxc6 {[%emt 0:00:01]} bxc6 {[%emt 0:00:01]} 8. fxe5 {[%emt 0:00:00]} dxe5 {[%emt 0:00:00]} 9. Qf3 {[%emt 0:00:01]} Bc5 {[%emt 0:00:02]} 10. Be3 {[%emt 0:00:02]} Bg4 {[%emt 0:00:02]} 11. Qg3 {[%emt 0:00:02]} Bxe3 {[%emt 0:00:01]} 12. Qxe3 {[%emt 0:00:00]} Qb6 {[%emt 0:00:00]} 13. Qg5 {[%emt 0:00:05]} O-O {[%emt 0:00:09]} 14. Bd3 {[%emt 0:00:02]} Qxb2 {[%emt 0:00:02]} 15. Kd2 {[%emt 0:00:01]} Rfd8 {[%emt 0:00:05]} 16. Rab1 {[%emt 0:00:07]} Qa3 {[%emt 0:00:01]} 17. Rhf1 {[%emt 0:00:05]} h6 {[%emt 0:00:01]} 18. Qxe5 {[%emt 0:00:03]} Re8 {[%emt 0:00:04]} 19. Qg3 {[%emt 0:00:04]} Re6 {[%emt 0:00:06]} 20. Rxf6 {[%emt 0:00:02]} Rxf6 {[%emt 0:00:00]} 21. Qxg4 {[%emt 0:00:00]} Qe7 {[%emt 0:00:02]} 22. Qg3 {[%emt 0:00:05]} Rd8 {[%emt 0:00:01]} 23. e5 {[%emt 0:00:02]} Re6 {[%emt 0:00:01]} 24. Rb8 {[%emt 0:00:01]} Rxb8 {[%emt 0:00:01]} 25. Qf3 {[%emt 0:00:01]} Rd8 {[%emt 0:00:01]} 26. Ne4 {[%emt 0:00:01]} Rxe5 {[%emt 0:00:01]} 27. Kc1 {[%emt 0:00:02]} Rxe4 {[%emt 0:00:01]} 28. Bxe4 {[%emt 0:00:00]} Qg5+ {[%emt 0:00:01]} 29. Kb2 {[%emt 0:00:03]} Rb8+ {[%emt 0:00:00]} 30. Kc3 {[%emt 0:00:02]} Qe5+ {[%emt 0:00:01]} 31. Kd2 {[%emt 0:00:01]} Rd8+ {[%emt 0:00:00]} 32. Bd3 {[%emt 0:00:01]} Re8 {[%emt 0:00:00]} 33. g3 {[%emt 0:00:01]} Qa5+ {[%emt 0:00:00] Time (Lag: Av=0.81s, max=1.2s) .} 0-1